[Event "Lvov Ukrainian Chess Warriors"]
[Site "Lvov"]
[Date "2024.03.15"]
[Round "2"]
[White "Sokhanskyi, Rostyslav"]
[Black "Pavlov, Sergey1"]
[Result "0-1"]
[WhiteElo "1603"]
[BlackElo "2451"]
[PlyCount "92"]
[EventDate "2024.03.15"]
[EventType "swiss (rapid)"]
[EventRounds "8"]
[EventCountry "UKR"]
[SourceTitle "CB12_2024"]
[SourceDate "2023.10.01"]
[SourceVersion "1"]
[SourceVersionDate "2023.10.01"]
[SourceQuality "1"]

1. e4 Nf6 2. e5 Nd5 3. d4 d6 4. Nf3 Bg4 5. Be2 c6 6. 0-0 Bxf3 7. Bxf3 dxe5 8. dxe5 e6 9. Qe2 Nd7 10. c4 Ne7 11. Bf4 Ng6 12. Bg3 Qa5 13. Re1 Bb4 14. Nc3 Bxc3 15. bxc3 0-0-0 16. Qe3 Qc5 17. Qd4 h5 18. h4 Ne7 19. Be4 Qxd4 20. cxd4 Nb6 21. c5 Na4 22. Rad1 Nc3 23. Rd3 Nxe4 24. Rxe4 Nf5 25. Bf4 Rd5 26. Bg5 b6 27. cxb6 axb6 28. Rc3 Kb7 29. Rc4 b5 30. Rb4 Ra8 31. f3 Rxa2 32. g4 hxg4 33. fxg4 Ng3 34. Re1 Ne2+ 35. Kf1 Nxd4 36. Be3 Nc2 37. Rf4 Nxe1 38. Rxf7+ Kc8 39. Kxe1 Rxe5 40. Rf3 Re4 41. Rg3 Rb4 42. Bc1 Ra1 43. Rc3 Rxg4 44. Rxc6+ Kd7 45. Rc2 Rxc1+ 46. Rxc1 Rg1+ 0-1

[Event "EU-ch U14 rapid"]
[Site "Terme Catez"]
[Date "2023.09.28"]
[Round "1"]
[White "Sokhanskyi, Rostyslav"]
[Black "Dotzer, Lukas"]
[Result "0-1"]
[WhiteElo "1543"]
[BlackElo "2165"]
[PlyCount "75"]
[EventDate "2023.09.28"]
[EventType "swiss (rapid)"]
[EventRounds "9"]
[EventCountry "SLO"]
[SourceTitle "EXT 2024"]
[Source "ChessBase"]
[SourceDate "2023.10.10"]
[SourceVersion "1"]
[SourceVersionDate "2023.10.10"]
[SourceQuality "1"]

1. e4 c5 2. Nf3 e6 3. Bd3 Nc6 4. 0-0 Nf6 5. Re1 d5 6. exd5 Nxd5 7. Nc3 Ndb4 8. Bf1 Nd4 9. Nxd4 cxd4 10. Ne4 Be7 11. a3 Nc6 12. b4 a6 13. b5 axb5 14. Bxb5 0-0 15. d3 e5 16. a4 Be6 17. f4 exf4 18. Bxf4 Nb4 19. Bd2 Rc8 20. Bxb4 Bxb4 21. Rf1 Qh4 22. Rb1 Be7 23. Rf2 f5 24. Nd2 Qh6 25. Nc4 Kh8 26. Qf3 Bg5 27. Re2 Bf7 28. Qxb7 Bh5 29. Ree1 f4 30. Bd7 f3 31. Re6 f2+ 32. Kf1 Bg6 33. h3 Rxc4 34. dxc4 Bxc2 35. Rb3 Bxb3 36. Qxb3 Bf6 37. Kxf2 d3 38. Qxd3 0-1